000 00646nam a2200217Ia 4500
008 241004s9999 xx 000 0 und d
020 _a9780745340432
037 _aTextbook
040 _aARTS
_beng
_cARTS
041 _aeng
_2eng
084 _aW R0
_qARTS
100 _aFassin Didier Ed.
245 _aDeepening divides: how territorial borders and social boundaries delineate our world
_cFassin Didier Ed.
260 _aUK
_b Pluto Press
_c2020
300 _avi,266p.
365 _aUKP
_b32
490 _aAnthropology, culture and society
650 _aPolitical Science
942 _cTB
_hW R0
999 _c1218766
_d1218766